000
00302nam a22001337a 4500
008
180308b xxu||||| |||| 00| 0 eng d
020
_a
9780538730990
041
_a
eng
080
_a
33
100
_a
57
101
_a
BIZ
245
_a
Your career how to make it happen
_c
Levitt,J.G
942
_2
udc
_c
BK
999
_c
44508
_d
44508